000 00310nam a22001337a 4500
008 170831b xxu||||| |||| 00| 0 eng d
020 _a0314042261
041 _aeng
080 _2 4ED
_a070
100 _a40
101 _aMED
245 _aCOMMUNICATION IN SMALL GROUPS
_cCRAGAN.J.F
942 _2udc
_cBK
999 _c25713
_d25713